| 000 | 01037cam a2200313 4500 | ||
|---|---|---|---|
| 008 | 090401t1998 xxu||||| |||| 00| 0 eng d | ||
| 020 | _a0117534641 | ||
| 035 | _a(Sirsi) u85705 | ||
| 041 | _aeng | ||
| 050 | _a711.309424 | ||
| 110 |
_aUnited Kingdom _bDepartment of the Environment, Transport and the Regions _93507 |
||
| 245 | _aRegional planning guidance for the West Midlands region. | ||
| 250 | _a2nd ed. | ||
| 260 |
_aLondon _bStationery Office _c1998 |
||
| 300 | _a66p. : ill.,maps ; 30cm. | ||
| 350 | _a15 | ||
| 490 |
_aRPG _v11 |
||
| 520 | _aSupersedes 1995 edition (ISBN 0117531413). | ||
| 520 | _aView RPG11 at www.go-wm.gov.uk. | ||
| 650 | _aREGIONAL PLANNING GUIDANCE | ||
| 650 | _aREGIONAL PLANNING | ||
| 650 | _aRPG11 | ||
| 650 | _aWEST MIDLANDS | ||
| 690 | _aPLANNING LAW AND PRACTICE | ||
| 710 |
_aGovernment Office for the West Midlands _93629 |
||
| 856 |
_uhttps://www.go-wm.gov.uk/rpg _zView RPG11 on the Government Office for the West Midlands website... |
||
| 942 | _n0 | ||
| 948 | _c21/04/1998 | ||
| 999 |
_c97066 _d97066 |
||